| 000 | 01693cam a22004334i 4500 | ||
|---|---|---|---|
| 003 | PE-LiUPU | ||
| 005 | 20250731173011.0 | ||
| 008 | 150623s1945 ag r 000 0 spa d | ||
| 035 | _a(Sirsi) a22769 | ||
| 040 |
_aPE-LiUPU _bspa _cPE-LiUPU _erda |
||
| 049 | _aPRUA | ||
| 082 | 0 | 4 |
_a273.9 _bS29 _221 |
| 100 | 1 |
_aScottt Latourette, Kenneth, _eautor. |
|
| 245 | 1 | 0 |
_aA través de la tormenta : _bhistoria de la expansión y las luchas del cristianismo desde el año 1914 en adelante / _cKenneth Scott Latourette. |
| 264 | 1 |
_aBuenos Aires : _bLa Aurora, _c1945. |
|
| 300 |
_a498 páginas ; _c23 centímetros |
||
| 336 |
_atext _2rdacontent |
||
| 337 |
_aunmediated _2rdamedia |
||
| 338 |
_avolume _2rdacarrier |
||
| 505 | 0 | _aMovimientos que dieron a la epoca sus características distintas -- Procedimientos en la expansión del cristianismo -- America Latina -- Australia -- La costa norte de Africa -- La India -- La China -- El Japon -- Breve resumen del camino recorrido. | |
| 526 | _aSEG42 | ||
| 526 | _aSEG41 | ||
| 526 | _aSEG40 | ||
| 526 | _aSEG39 | ||
| 526 | _aP94 | ||
| 526 | _aP87 | ||
| 526 | _aP86 | ||
| 526 | _aP85 | ||
| 526 | _aP77 | ||
| 526 | _aP76 | ||
| 526 | _aP35 | ||
| 650 | 1 | 4 |
_aIglesia _xHistoria _ySiglo XX. |
| 942 |
_2ddc _cBOOK |
||
| 949 |
_a273.9 S29 _wDEWEY _c1 _i07301 _lCCODEBUL1 _mBUL _p00.00 _r0 _sY _tBOOK _u2015-06-24 _xTEOLOGIA _PP35 _0COMPRA _o.STAFF. Colección General |
||
| 994 |
_aC0 _bPEPRU |
||
| 596 | _a1 | ||
| 999 |
_a273.9 S29 _wDEWEY _c23376 _i07301 _f2021-11-11 _g5 _lCCODEBUL1 _mBUL _p15.00 _r0 _sY _tBOOK _u2015-6-24 _xTEOLOGIA _PP35 _0COMPRA _o.STAFF. Colección Teología _d23376 |
||
| 980 |
_81 _gALBERTO SANCHEZ Responsable de Automatización |
||